Politics in the Developing World / (Record no. 8782)
[ view plain ]
| 000 -LEADER | |
|---|---|
| fixed length control field | 03091nac a22002531u 4500 |
| 008 - FIXED-LENGTH DATA ELEMENTS--GENERAL INFORMATION | |
| fixed length control field | 110508s2008 nyu|||||r|||| 001 0 eng d |
| 010 ## - LIBRARY OF CONGRESS CONTROL NUMBER | |
| LC control number | 2007033609 |
| 020 ## - INTERNATIONAL STANDARD BOOK NUMBER | |
| International Standard Book Number | 0199296081 |
| 020 ## - INTERNATIONAL STANDARD BOOK NUMBER | |
| International Standard Book Number | 9780199296088 |
| 082 00 - DEWEY DECIMAL CLASSIFICATION NUMBER | |
| Classification number | 320.91724 |
| Item number | POL |
| 100 ## - MAIN ENTRY--PERSONAL NAME | |
| Personal name | 20080729 |
| 9 (RLIN) | 23680 |
| 245 00 - TITLE STATEMENT | |
| Title | Politics in the Developing World / |
| Statement of responsibility, etc | Edited by Peter Burnell and Vicky Randall. |
| 250 ## - EDITION STATEMENT | |
| Edition statement | 2nd ed. |
| 260 ## - PUBLICATION, DISTRIBUTION, ETC. (IMPRINT) | |
| Place of publication, distribution, etc | Oxford ; |
| -- | New York : |
| Name of publisher, distributor, etc | Oxford University Press,2008 |
| Date of publication, distribution, etc | c2008. |
| 300 ## - PHYSICAL DESCRIPTION | |
| Extent | 552 p. ; |
| Dimensions | 23 cm. |
| 504 ## - BIBLIOGRAPHY, ETC. NOTE | |
| Bibliography, etc | Includes bibliographical references (p.529-541) and index |
| 505 0# - FORMATTED CONTENTS NOTE | |
| Formatted contents note | Approaches and global context 13 -- Analytical approaches to the study of politics in the developing world 15 / Vicky Randall -- Colonialism and post-colonial development 35 / James Chiriyankandath -- The developing world in the global economy 53 / Stephen Hobden -- The developing world in international politics 71 / Stephen Hobden -- Society and state 89 -- Inequality 91 / Jenny Pearce -- Ethnopolitics and nationalism 111 / James R. Scarritt -- Religion 129 / Jeff Haynes -- Women and gender 148 / Kathleen Staudt -- Civil society 166 / Marina Ottaway -- "People power" and "alternative" politics 186 / Kurt Schock -- State and society 209 -- Theorizing the state 211 / Adrian Leftwich -- State-building 230 / Brian Smith -- State collapse, civil conflict, and external intervention 249 / Martin Doornbos -- Democratization 268 / Peter burnell -- Governance and conditionality in a globalizing world 291 -- Peter Burnell -- Policy issues 313 -- Development 315 / Tony Addison -- Environment 333 / Peter Newell -- Human rights 353 / Michael Freeman -- Security 373 / Nicole Jackson -- Case studies: experiences compared 395 -- Disintegration or nation-building? 399 -- (a) Indonesia : copying with fragmentation 399 / Edward Aspinall -- (b) South Africa : from divided society to new nation 413 / Robert A. Schrire -- Civil society : active or passive? 427 -- (a) India : associational life and its discontents 427 / Rob Jenkins -- (b) Saudi Arabia : between tradition and modernity 440 / David Pool, Peter Burnell and Vicky Randall -- Military in politics versus democratic advance 452 -- (a) Pakistan : the military as a political fixture 452 / David Taylor -- (b) Nigeria : building political stability with democracy 463 / Stephen Wright -- (c) Mexico : democratic transition and beyond 473 / Andreas Schedler -- Underdevelopment and development 486 -- (a) Guatemala : enduring underdevelopment 486 / Rachel Sieder -- (b) South Korea : from development to new challenges 498 / Peter Ferdinand -- Appendix 1. Case study countries : basic indicators 511 -- Appendix 2. Case study countries : globalization rankings and scores, 2001 513. |
| 651 #0 - SUBJECT ADDED ENTRY--GEOGRAPHIC NAME | |
| Geographic name | Developing countries |
| General subdivision | Politics and government. |
| 9 (RLIN) | 23681 |
| 653 ## - INDEX TERM--UNCONTROLLED | |
| Resource For college | |
| Arrived date list | April2011 |
| 700 1# - ADDED ENTRY--PERSONAL NAME | |
| Personal name | Burnell, Peter J. |
| 9 (RLIN) | 23682 |
| 700 1# - ADDED ENTRY--PERSONAL NAME | |
| Personal name | Randall, Vicky. |
| 9 (RLIN) | 23683 |
| 942 ## - ADDED ENTRY ELEMENTS (KOHA) | |
| Item type | Book - Borrowing |
| Call number prefix | 320.91724 POL |
| Source of classification or shelving scheme | Dewey Decimal Classification |
| Withdrawn status | Item status | Damaged status | Not for loan | Home library | Current library | Shelving location | Date acquired | Source of acquisition | Total Checkouts | Total Renewals | Full call number | Barcode | Date last seen | Date last borrowed | Koha item type |
|---|---|---|---|---|---|---|---|---|---|---|---|---|---|---|---|
| Central Library | Central Library | First floor | 24/03/2008 | Purchase | 13 | 34 | 320.91724POL | 000010756 | 15/07/2025 | 02/10/2019 | Book - Borrowing |